| 000 | 00727nam a22002057a 4500 | ||
|---|---|---|---|
| 999 |
_c9249 _d9249 |
||
| 003 | AR-CdUCM | ||
| 008 | 190327b ||||| |||| 00| 0 spa d | ||
| 040 |
_aMUNICIPALIDAD PROVINCIAL DEL CUSCO _cBIBLIOTECA MUNICIPAL DEL CUSCO |
||
| 082 |
_22ed. _a468.3 / _bR91 |
||
| 100 |
_aRubio Loayza, Abel, _917096 |
||
| 245 | _aFacer y hacer del idioma castellano / | ||
| 260 |
_aLima : _bMicenas, _c1982. |
||
| 300 |
_a158 paginas ; _c17 cm. |
||
| 505 | _aContenido : Alfabeto analfabeto -- El uno y el otro -- La fineza de la gente -- Hacen varios dias -- Modelar una estatua... | ||
| 650 |
_aAlfabeto _914772 |
||
| 650 |
_aPoesÃa y versos _925327 |
||
| 650 |
_aEnsayos Literarios _925328 |
||
| 942 |
_2ddc _cLIBROS |
||
| 945 | _awnts | ||